Belleza y arte de la cara (Record no. 67396)

MARC details
000 -LEADER
campo de control de longitud fija 00811nam a2200217 i 4500
001 - NÚMERO DE CONTROL
campo de control 67396
003 - IDENTIFICADOR DE NÚMERO DE CONTROL
campo de control ES-MaACL
005 - FECHA Y HORA DE LA ÚLTIMA TRANSACCIÓN
campo de control 20230906170046.0
007 - CAMPO FIJO DE DESCRIPCIÓN FÍSICA--INFORMACIÓN GENERAL
campo de control de longitud fija t|
008 - DATOS DE LONGITUD FIJA--INFORMACIÓN GENERAL
campo de control de longitud fija 040524s2003 sp ||||1| spa d
080 ## - NÚMERO DE LA CLASIFICACIÓN DECIMAL UNIVERSAL
Número de la Clasificación Decimal Universal 616.314
080 ## - NÚMERO DE LA CLASIFICACIÓN DECIMAL UNIVERSAL
Número de la Clasificación Decimal Universal 611.92
100 1# - ENTRADA PRINCIPAL--NOMBRE DE PERSONA
Nombre de persona Gómez-Plana Sánchez-Cosío, Francisco.
9 (RLIN) 58118
245 10 - MENCIÓN DEL TÍTULO
Título Belleza y arte de la cara
Resto del título : normas de la faz humana /
Mención de responsabilidad, etc. Francisco Gómez-Plana Sánchez-Cosío.
260 ## - PUBLICACIÓN, DISTRIBUCIÓN, ETC.
Lugar de publicación, distribución, etc. [Barcelona] :
Nombre del editor, distribuidor, etc. F. Gómez-Plana,
Fecha de publicación, distribución, etc. [2003]
300 ## - DESCRIPCIÓN FÍSICA
Extensión 73 h. :
Otras características físicas il. col. ;
Dimensiones 31 cm.
500 ## - NOTA GENERAL
Nota general Discurso de ingreso de académico correspondiente en la Real Academia de San Romualdo de Ciencias, Letras y Artes de San Fernando, Cadiz, 16 de septiembre de 1983.
650 14 - PUNTO DE ACCESO ADICIONAL DE MATERIA--TÉRMINO DE MATERIA
Término de materia o nombre geográfico como elemento de entrada Odontología.
9 (RLIN) 15690
650 14 - PUNTO DE ACCESO ADICIONAL DE MATERIA--TÉRMINO DE MATERIA
Término de materia o nombre geográfico como elemento de entrada Cara.
9 (RLIN) 10769
852 ## - LOCALIZACIÓN
Ubicación ES-MaACL
Número de control de estantería L-27659
Sublocalización o colección R.133602
Holdings
Estatus retirado Estado de pérdida Estado de daño No para préstamo Biblioteca de origen Biblioteca actual Ubicación en estantería Fecha de adquisición Fuente de adquisición Total de préstamos Signatura topográfica completa Código de barras Visto por última vez Precio de reemplazo Tipo de ítem Koha
        Biblioteca del Ateneo de Madrid Biblioteca del Ateneo de Madrid Depósito 2 17/01/2008     L-27659 1070574 23/02/2023 23/02/2023 Libro impreso